Закономерности взаимодействия порошков алюминия с азотом; Известия Томского политехнического университета [Известия ТПУ]; Т. 316, № 3: Химия
| Parent link: | Известия Томского политехнического университета [Известия ТПУ]/ Томский политехнический университет (ТПУ).— , 2000- Т. 316, № 3: Химия.— 2010.— [С. 17-23] |
|---|---|
| Auteur principal: | |
| Résumé: | Заглавие с титульного листа Электронная версия печатной публикации Исследованы закономерности процесса взаимодействия грубодисперсных порошков и электровзрывного нанопорошка алюминия с азотом при нагревании в условиях линейно возрастающей температуры и в изотермическом режиме. Установлена стадийность протекания процесса, показана зависимость кинетических параметров реакции и степени превращения образцов на разных стадиях от их дисперсности и условий термогравиметрии. Проведено сопоставление химической активности образцов в условиях нагрева в атмосфере азота и воздуха, предложено объяснение различия кинетических параметров этих процессов, учитывающее влияние размерного фактора и состояния оксидно-гидроксидной оболочки частиц порошков на их реакционную способность. |
| Langue: | russe |
| Publié: |
2010
|
| Collection: | Химия |
| Sujets: | |
| Accès en ligne: | http://www.lib.tpu.ru/fulltext/v/Bulletin_TPU/2010/v316/i3/03.pdf |
| Format: | Électronique Chapitre de livre |
| KOHA link: | https://koha.lib.tpu.ru/cgi-bin/koha/opac-detail.pl?biblionumber=182869 |
MARC
| LEADER | 00000nla2a2200000 4500 | ||
|---|---|---|---|
| 001 | 182869 | ||
| 005 | 20231031171420.0 | ||
| 035 | |a (RuTPU)RU\TPU\book\198238 | ||
| 035 | |a RU\TPU\book\198233 | ||
| 090 | |a 182869 | ||
| 100 | |a 20100628d2010 k y0rusy50 ca | ||
| 101 | 0 | |a rus | |
| 102 | |a RU | ||
| 135 | |a drnn ---uucaa | ||
| 181 | 0 | |a i | |
| 182 | 0 | |a b | |
| 200 | 1 | |a Закономерности взаимодействия порошков алюминия с азотом |b Электронный ресурс |f А. В. Коршунов | |
| 203 | |a Текст |c электронный | ||
| 215 | |a 1 файл (720 Кб) | ||
| 225 | 1 | |a Химия | |
| 230 | |a Электронные текстовые данные (1 файл : 720 Кб) | ||
| 300 | |a Заглавие с титульного листа | ||
| 300 | |a Электронная версия печатной публикации | ||
| 320 | |a [Библиогр.: с. 23 (14 назв.)] | ||
| 330 | |a Исследованы закономерности процесса взаимодействия грубодисперсных порошков и электровзрывного нанопорошка алюминия с азотом при нагревании в условиях линейно возрастающей температуры и в изотермическом режиме. Установлена стадийность протекания процесса, показана зависимость кинетических параметров реакции и степени превращения образцов на разных стадиях от их дисперсности и условий термогравиметрии. Проведено сопоставление химической активности образцов в условиях нагрева в атмосфере азота и воздуха, предложено объяснение различия кинетических параметров этих процессов, учитывающее влияние размерного фактора и состояния оксидно-гидроксидной оболочки частиц порошков на их реакционную способность. | ||
| 337 | |a Adobe Reader | ||
| 461 | 1 | |0 (RuTPU)RU\TPU\book\176237 |t Известия Томского политехнического университета [Известия ТПУ] |f Томский политехнический университет (ТПУ) |d 2000- | |
| 463 | 1 | |0 (RuTPU)RU\TPU\book\198166 |x 1684-8519 |t Т. 316, № 3: Химия |v [С. 17-23] |d 2010 |p 118 с. | |
| 610 | 1 | |a алюминий | |
| 610 | 1 | |a грубодисперсные порошки | |
| 610 | 1 | |a нанопорошки | |
| 610 | 1 | |a взаимодействие с азотом | |
| 610 | 1 | |a термогравиметрия | |
| 610 | 1 | |a труды учёных ТПУ | |
| 610 | 1 | |a электронный ресурс | |
| 700 | 1 | |a Коршунов |b А. В. |c российский химик-неорганик |c доцент Томского политехнического университета, кандидат химических наук |f 1970- |g Андрей Владимирович |2 stltpush |3 (RuTPU)RU\TPU\pers\25489 | |
| 801 | 1 | |a RU |b 63413507 |c 20090623 |g PSBO | |
| 801 | 2 | |a RU |b 63413507 |c 20211222 |g PSBO | |
| 856 | 4 | |u http://www.lib.tpu.ru/fulltext/v/Bulletin_TPU/2010/v316/i3/03.pdf | |
| 942 | |c CF | ||